Estatísticas para Transporte Metropolitano de São Paulo (Metrô, CPTM, EMTU)

Clique aqui para jogar o quiz

Estatísticas Gerais

  • Esse quiz foi jogado 627 vezes
    (154 desde o último reset)
  • A pontuação média é 105 de 187

Respostas no mapa

Respostas codificadas por cores de uma escala verde-vermelha no mapa do quiz de acordo com a % correta abaixo.
 

Estatísticas das Respostas

Resposta% Correto
Corinthians—Itaquera
95%
Luz
95%
Palmeiras—Barra Funda
92%
Japão—Liberdade
90%
90%
Jabaquara
89%
Brás
87%
Tucuruvi
87%
Ana Rosa
86%
Osasco
86%
Paulista—Pernambucanas
85%
São Paulo—Morumbi
85%
Bresser—Mooca
84%
Jundiaí
84%
Tatuapé
84%
Saúde—Ultrafarma
82%
Aeroporto—Guarulhos
81%
Paraíso
81%
Pinheiros
81%
República
80%
Consolação
79%
Lapa
79%
Morumbi
79%
Pref. Celso Daniel—Santo André
79%
Guarulhos—Cecap
78%
Portuguesa—Tietê
78%
Juventus—Mooca
77%
São Caetano do Sul—Pref. Walter Braido
77%
Santa Cruz
76%
Santo André
76%
São Bento
76%
Capão Redondo
75%
Chácara Klabin
75%
Trianon—Masp
75%
Higienópolis—Mackenzie
74%
Alto do Ipiranga
73%
Praça da Árvore
73%
Tamanduateí
73%
Campo Limpo
71%
Campo Limpo Paulista
71%
Carrão—Assaí Atacadista
71%
Santana
71%
Vila Mariana
71%
Vila Prudente
71%
Anhangabaú
70%
Itapevi
70%
São Joaquim
70%
Taboão da Serra
70%
Tiradentes
70%
Brigadeiro
69%
Santa Cecília
69%
Estudantes
68%
Mogi das Cruzes
68%
Santos—Imigrantes
68%
Vila Madalena
68%
Vila Sônia—Profª Elizabeth Tenreiro
68%
Carandiru
67%
Mauá
67%
Penha—Lojas Besni
67%
Santo Amaro
67%
AACD—Servidor
66%
Armênia
66%
Butantã
66%
Faria Lima
66%
Parada Inglesa
66%
Sacomã
66%
Vergueiro
66%
Vila Matilde
65%
Clínicas
64%
Oscar Freire
64%
Artur Alvim
63%
Ferraz de Vasconcelos
63%
Suzano
63%
Ipiranga
62%
Conceição
60%
Fradique Coutinho
60%
Pedro II
60%
Rio Grande da Serra
60%
Santuário N. Sa. de Fátima—Sumaré
60%
São Bernardo
60%
Belém
59%
Grajaú
59%
Marechal Deodoro
59%
USP Leste
59%
Villa-Lobos—Jaguaré
59%
Água Branca
58%
Brooklin
58%
Patriarca—Vila Ré
58%
Pirituba
58%
Poá
58%
São Judas
58%
Cidade Universitária
57%
Francisco Morato
57%
Guaianases
57%
Barueri
56%
Berrini
56%
Diadema
56%
Guilhermina—Esperança
56%
Jardim São Paulo—Ayrton Senna
56%
Moema
56%
Ribeirão Pires—Antônio Bespalec
56%
São Mateus
56%
Hebraica—Rebouças
55%
Presidente Altino
55%
Autódromo
54%
Hospital São Paulo
54%
Itaquaquecetuba
54%
Primavera—Interlagos
54%
Bruno Covas/Mendes—Vila Natal
53%
Imperatriz Leopoldina
53%
Júlio Prestes
53%
Perus
53%
Ceasa
52%
Borba Gato
51%
Franco da Rocha
51%
Itaim Paulista
51%
Vila das Belezas
51%
Vila Olímpia
51%
Caieiras
49%
Engenheiro Goulart
49%
Utinga
49%
Jaraguá
47%
Oratório
47%
Carapicuíba
46%
Engenheiro Manoel Feio
45%
Eucaliptos
45%
Giovanni Gronchi
45%
Jandira
45%
Sapopemba
45%
Calmon Viana
44%
Dom Bosco
44%
Vila Clarice
44%
Cidade Jardim
43%
Comendador Ermelino
43%
Domingos de Moraes
43%
Granja Julieta
43%
Largo Treze
43%
Piqueri
43%
Prefeito Saladino
43%
São Miguel Paulista
43%
Capuava
42%
Cecap
42%
Jardim Helena—Vila Mara
42%
Várzea Paulista
42%
Amador Bueno
41%
Campo Belo
41%
Socorro
41%
Alto da Boa Vista
40%
Jardim Romano
40%
João Dias
40%
Jurubatuba
40%
Camilo Haddad
38%
Vila Aurora
38%
José Bonifácio
37%
Ferrazópolis
36%
Adolfo Pinheiro
35%
Fazenda da Juta
35%
Baltazar Fidélis
34%
Botujuru
34%
Comandante Sampaio
34%
Sagrado Coração
34%
São Lucas
33%
Taboão
33%
Vila Tolstói
33%
Braz Cubas
32%
Guapituba
32%
Santa Rita
32%
Santa Terezinha
32%
Jundiapeba
31%
Jardim Colonial
29%
Piraporinha
29%
Aracaré
27%
General Miguel Costa
27%
Jardim Belval
27%
Antônio Gianetti Neto
26%
Quitaúna
26%
Antônio João
25%
Jardim Planalto
25%
Sônia Maria
24%
Vila Galvão
24%
Engenheiro Cardoso
23%
Vila União
23%
Amador Aguiar
21%
Jardim Silveira
21%
Parada Rodoviária
15%
Luiz Bortolosso
13%

Distribuição das Pontuações

Percentil de Números Respondidos

Porcentagem de Pessoas com Cada Pontuação

Sua Pontuação Histórica

Você não jogou esse quiz desde o último reset